000 00389nam a2200145 i 4500
001 44738
003 ES-MaACL
005 20230906161103.0
007 t|
008 030324s1954 it ||||1| ita d
245 0 0 _aCinquanta anni di teatro in Italia.
260 _a[Roma :
_bCarlo Bestetti,
_c1954]
300 _a129 p., 19 h., 166 lám. ;
_c28 cm.
852 _aES-MaACL
_jC-16411
_bR.44691
999 _c44738
_d44738